Guide for the practical application of the ICRP human respiratory tract model
Αποθηκεύτηκε σε:
| Συγγραφή απο Οργανισμό/Αρχή: | |
|---|---|
| Άλλοι συγγραφείς: | |
| Μορφή: | Βιβλίο |
| Γλώσσα: | English |
| Δημοσίευση: |
Oxford :
Pergamon,
2003
|
| Σειρά: | Annals of the ICRP ;
; 32; no. 1-2 ICRP supporting guidance ; ; 3 |
| Θέματα: | |
| Ετικέτες: |
Προσθήκη ετικέτας
Δεν υπάρχουν, Καταχωρήστε ετικέτα πρώτοι!
|
MARC
| LEADER | 00000nam a2200000 i 4500 | ||
|---|---|---|---|
| 001 | 1/91831 | ||
| 008 | 080804s2003 eng d | ||
| 020 | |a 0-08-044-2676 | ||
| 022 | |a 01466453 | ||
| 035 | |l 10099360 | ||
| 040 | |a GR-MY-UA |b gre |e aacr | ||
| 041 | 0 | |a eng | |
| 082 | 0 | |a 612.01448 |2 (22) | |
| 245 | 1 | 0 | |a Guide for the practical application of the ICRP human respiratory tract model / |c editor, J. Valentin |
| 260 | |a Oxford : |b Pergamon, |c 2003 | ||
| 300 | |a 312 σ.; |b εικ.; |c 24 εκ. | ||
| 490 | 1 | |a Annals of the ICRP |v ; 32; no. 1-2 | |
| 490 | 1 | |a ICRP supporting guidance |v ; 3 | |
| 500 | |a Εκδόθηκε για το International Commision on Radiological Protection | ||
| 504 | |a Περιέχει βιβλιογραφικές παραπομπές | ||
| 650 | 0 | 0 | |a Radiation |x Physiological effect. |
| 650 | 0 | 0 | |a Radiation dosimetry. |
| 650 | 0 | 0 | |a Respiratory organs. |
| 700 | 1 | |a Valentin, J. |4 edt | |
| 710 | 2 | |a International Commission on Radiological Protection. | |
| 830 | 0 | |a Annals of the ICRP ; |v ; 32; no. 1-2 | |
| 830 | 0 | |a ICRP supporting guidance ; |v ; 3 | |
| 852 | |a INST |b LESVOS |e 20080804 |h 612.01448 GUI |p 005100041927 |q 005100041927 |t BK |y 0 | ||
| 901 | |a BIBL1-2008-2 | ||
| 909 | |a Λ |b 142652 | ||
| 922 | |a 1ΕΛΗ |b 200712 |c ΕΠΕΑΕΚ2/ΤΠ |d ΕΛΕΥΘΕΡΟΥΔΑΚΗΣ | ||
| 970 | |a ΚΑΡΑ |b ΓΙΑΣΕΜΗ |z 2008/08/04 | ||